000 00464nam a2200181Ia 4500
003 OSt
005 20251203105944.0
008 250729s2007 xx 000 0 und d
040 _cAL
041 _akan
082 _a370.15 PRAS
100 _aಪ್ರಭು ಆರ್ ಜಿ
_9225462
245 _aಶೈಕ್ಷಣಿಕ ಮನೋವಿಜ್ನಾನ
260 _aಗದಗ
_c2007
300 _a633p
650 _aPsychology
_9225463
942 _2ddc
_cBED
999 _c236923
_d236923